Ending Social Promotion Without Leaving Children Behind (Record no. 352004)
[ view plain ]
| 000 -LEADER | |
|---|---|
| fixed length control field | 00582nam a2200121Ia 4500 |
| 008 - FIXED-LENGTH DATA ELEMENTS--GENERAL INFORMATION | |
| fixed length control field | 171212s9999 xx 000 0 und d |
| 020 ## - INTERNATIONAL STANDARD BOOK NUMBER | |
| International Standard Book Number | 9780833047786 |
| 245 ## - TITLE STATEMENT | |
| Statement of responsibility, etc | editor McCombs, Jennifer Sloan;Kirby, Sheila Nataraj;Mariano, Louis T. |
| Title | Ending Social Promotion Without Leaving Children Behind |
| Remainder of title | The Case of New York City |
| 260 ## - PUBLICATION, DISTRIBUTION, ETC. (IMPRINT) | |
| Name of publisher, distributor, etc | RAND Corporation |
| Date of publication, distribution, etc | 2009 |
| 650 ## - SUBJECT ADDED ENTRY--TOPICAL TERM | |
| Topical term or geographic name as entry element | Education |
| 650 ## - SUBJECT ADDED ENTRY--TOPICAL TERM | |
| Topical term or geographic name as entry element | Promotion (School) -- New York (State) -- New York -- Case Studies; Grade repetition -- New York (State) -- New York -- Case Studies |
| 856 ## - ELECTRONIC LOCATION AND ACCESS | |
| Uniform Resource Identifier | <a href="www.jstor.org/stable/10.7249/mg894nycdoe">www.jstor.org/stable/10.7249/mg894nycdoe</a> |
| Withdrawn status | Lost status | Damaged status | Home library | Current library | Date acquired | Total Checkouts | Full call number | Date last seen | Price effective from | Koha item type |
|---|---|---|---|---|---|---|---|---|---|---|
| College Library | College Library | 12/12/2017 | LB3063.M285 2010 | 12/12/2017 | 12/12/2017 | Curriculum - Based eBooks |